000
00279nam a22001097a 4500
008
160425b xxu||||| |||| 00| 0 eng d
020
_a
0803602936
041
_a
eng
080
_a
618.2
245
_a
Contemporary psychiatric mental health nursing:
_c
Carol A. Glod;
942
_2
udc
_c
BK
999
_c
1572
_d
1572